Premier League Captain's Birthplaces - Statistics

General Stats
  • This quiz has been taken 18 times
  • The average score is 8 of 22
Answer Stats
Club Captain Birthplace % Correct
Bournemouth Adam Smith London
100%
Chelsea Reece James London
100%
Brighton Lewis Dunk Brighton
94%
Aston Villa John McGinn Glasgow
89%
Brentford Christian Norgaard Copenhagen
72%
Leicester Jamie Vardy Sheffield
67%
Manchester City Kyle Walker Sheffield
67%
Newcastle Bruno Guimaraes Rio de Janeiro
56%
Fulham Tom Cairney Nottingham
44%
Ipswich Sam Morsy Wolverhampton
28%
Newcastle Jamal Lascelles Derby
17%
Wolves Mario Lemina Libreville
11%
Arsenal Martin Odergaard Drammen
6%
Everton Seamus Coleman Killybegs
6%
West Ham Jarrod Bowen Leominster
6%
Nottingham Forest Ryan Yates Lincoln
6%
Crystal Palace Marc Guehi Abidjan
0%
Liverpool Virgil van Dijk Breda
0%
Tottenham Son Heung-min Chuncheon
0%
Crystal Palace Joel Ward Emsworth
0%
Manchester United Bruno Fernandes Maia
0%
Southampton Jack Stevens Torpoint
0%
No matching quizzes found
Score Distribution
Percent of People with Each Score
Percentile by Number Answered
Your Score History
You have not taken this quiz